Представление документа в формате MARC21

Поле Инд. ПП Название Значение
Тип записи a
Библиографический уровень m
001 _ Контрольный номер RU\infra-m\znanium\bibl\1712396
005 _ Дата корректировки 20250915104053.4
008 Кодируемые данные 210705s2021 RU g rus u
020 a ISBN 978-5-16-014287-6
020 a ISBN 978-5-16-106784-0
040 a Служба первич. каталог. Общество с ограниченной ответственностью «ЗНАНИУМ»
041 a Код языка текста rus
044 a Код страны публикации RU
080 a Индекс УДК 339.9(075.8)
084 2 Источник индекса rubbk
a Индекс другой классификации/Индекс ББК 65.5я73
084 2 Источник индекса okso
a Индекс другой классификации/Индекс ББК 38.04.09
084 2 Источник индекса okso
a Индекс другой классификации/Индекс ББК 38.04.01
084 2 Источник индекса okso
a Индекс другой классификации/Индекс ББК 38.04.08
084 2 Источник индекса okso
a Индекс другой классификации/Индекс ББК 38.04.06
084 2 Источник индекса okso
a Индекс другой классификации/Индекс ББК 38.04.02
084 2 Источник индекса okso
a Индекс другой классификации/Индекс ББК 38.04.04
084 2 Источник индекса okso
a Индекс другой классификации/Индекс ББК 38.05.01
084 2 Источник индекса okso
a Индекс другой классификации/Индекс ББК 38.05.02
084 2 Источник индекса okso
a Индекс другой классификации/Индекс ББК 38.03.01
084 2 Источник индекса okso
a Индекс другой классификации/Индекс ББК 38.03.06
084 2 Источник индекса okso
a Индекс другой классификации/Индекс ББК 38.03.02
084 2 Источник индекса okso
a Индекс другой классификации/Индекс ББК 38.03.04
084 2 Источник индекса okso
a Индекс другой классификации/Индекс ББК 44.03.01
084 2 Источник индекса okso
a Индекс другой классификации/Индекс ББК 44.03.05
084 2 Источник индекса okso
a Индекс другой классификации/Индекс ББК 41.03.05
100 1_ a Автор Раджабова Залпа Камаловна
q Полное имя Залпа Камаловна
245 a Заглавие Мировая экономика
b Продолж. заглавия Учебник
c Ответственность Дагестанский государственный университет
250 g перераб. и доп.
a Основные сведения об издании 5
260 a Место издания Москва
b Издательство ООО "Научно-издательский центр ИНФРА-М"
c Дата издания 2022
300 a Объем 369 с.
520 a Аннотация Рассматриваются важнейшие теоретические и практические аспекты: мировая экономика как наука, предмет исследования, этапы становления и развития. Проведен макроэкономический анализ стран и регионов мира на основе использования материалов крупнейших международных финансово-экономических организаций, а также статистических данных. Анализируются cовременные проблемы развития постсоциалистических стран и проблемы социально-экономического развития России в условиях рыночных преобразований.
521 a Примеч. о целев. назн. ВО - Бакалавриат
650 a Основная рубрика Экономика. Бухгалтерский учет. Финансы
x Основная подрубрика Мировая экономика
852 x Примечание, не предназначенное для пользователя znanium2022
856 4_ a Имя сервера/домена znanium.com
m Помощь ebs_support@infra-m.ru
n Местонахождение сервера НИЦ ИНФРА-М
u URL http://znanium.com/catalog/document?id=379307
z Примечание для пользователя Участвует в КО
856 41 a Имя сервера/домена znanium.com
d Путь /cover/1712
f Электронное имя 1712396.jpg
q Тип электронного формата image/jpeg
u URL https://znanium.com/cover/1712/1712396.jpg